Liberating Reformed Theology (Record no. 31073)
[ view plain ]
| 000 -LEADER | |
|---|---|
| fixed length control field | 00443nam a22001331a 4500 |
| 020 ## - INTERNATIONAL STANDARD BOOK NUMBER | |
| International Standard Book Number | 0802805361 |
| Terms of availability | 0.00 |
| 040 ## - CATALOGING SOURCE | |
| Original cataloging agency | NEGST Library - Kenya |
| 082 ## - DEWEY DECIMAL CLASSIFICATION NUMBER | |
| Classification number | BX 9422.2.D44 1991 |
| 100 ## - MAIN ENTRY--PERSONAL NAME | |
| Personal name | Gruchy, John W de. |
| 245 ## - TITLE STATEMENT | |
| Title | Liberating Reformed Theology |
| Statement of responsibility, etc | John W. de Gruchy |
| Medium | [Text] |
| 260 ## - PUBLICATION, DISTRIBUTION, ETC. (IMPRINT) | |
| Place of publication, distribution, etc | Grand Rapids, Michigan |
| Name of publisher, distributor, etc | William B. Eerdmans Publishing Company |
| Date of publication, distribution, etc | 1991 |
| 300 ## - PHYSICAL DESCRIPTION | |
| Extent | xviii, 291p. ; |
| 852 ## - LOCATION/CALL NUMBER | |
| -- | 25.00 |
| Withdrawn status | Lost status | Source of classification or shelving scheme | Damaged status | Not for loan | Collection code | Home library | Current library | Shelving location | Date acquired | Cost, normal purchase price | Total Checkouts | Full call number | Barcode | Date last seen | Date checked out | Copy number | Price effective from | Koha item type |
|---|---|---|---|---|---|---|---|---|---|---|---|---|---|---|---|---|---|---|
| Library of Congress Classification | General Circulation | AIU/NEGST - Tony Wilmot Memorial Library | AIU/NEGST - Tony Wilmot Memorial Library | General Stacks | 09/24/2009 | 25.00 | 1 | BX 9422.2.D44 1991 | R13552P3232 | 12/18/2024 | 12/13/2024 | 1 | 09/24/2009 | Books |
